Física y química 2 : materia: modelo corpuscular, cambios y carácter eléctrico. Magnetismo. Fuerzas y campos. /

Guardado en:
Autor Principal: Depreti, Ana María, 2011.
Otros Autores: Diaz, Fabían., Jaul, Mariana B., Serafini, Gabriel D., Balbiano, Alejandro J.
Formato: Libro
Idioma:Undetermined
Publicado: Buenos Aires : Santillana, 2011.
Edición:1era ed.
Series:Saber es clave
Materias:
Etiquetas: Agregar Etiqueta
Sin Etiquetas, Sea el primero en etiquetar este registro!
LEADER 01391nam a22003015a 4500
001 CEM.cems025165
008 260507s2011####ag#a##########000#0#und#d
005 20260602073546.0
245 1 0 |a Física y química 2 :  |b materia: modelo corpuscular, cambios y carácter eléctrico. Magnetismo. Fuerzas y campos. /  |c Ana María Deprati. 
250 |a 1era ed. 
260 |a Buenos Aires :  |b Santillana,  |c 2011. 
300 |a 192 p. :  |b il. ;  |c 27 cm. 
490 1 |a Saber es clave 
505 0 |a Los estados de la materia -- La materia -- La masa y el peso -- El volumen Las propiedades de la materia -- Los estados de agregación -- Los cambios de estado -- La teoría cinético-molecular -- Los gases -- Las fuerzas, las interacciones y los campos -- Las fuerzas -- La representación de las fuerzas -- Las leyes de Newton -- Las interacciones de contacto -- Las interacciones a distancia -- El concepto de campo -- 
020 |a 9789504625124 
100 1 |a Depreti, Ana María,  |d 2011. 
700 1 |a Diaz, Fabían. 
700 1 |a Jaul, Mariana B. 
700 1 |a Serafini, Gabriel D. 
700 1 |a Balbiano, Alejandro J. 
082 0 4 |a 541 
653 |a Física 
653 |a Química 
653 |a Energías 
653 |a Magnetismo 
653 |a Fuerza 
859 |a CEMS  |b BIB. CEMS - Agricultura  |h 541  |i D442-1  |p A4128.26  |t Ej.2  |3 II 
859 |a CEMS  |b BIB. CEMS - Agricultura  |h 541  |i D442-1  |p A4137.26  |t Ej.2  |3 II